Вып. 8 : Переработка смолы пиролиза нефтяных углеводородов; Труды Института химии

Podrobná bibliografie
Parent link:Труды Института химии: [сборник трудов]/ Академия наук СССР (АН СССР), Уральский филиал (УФ), Институт химии. Вып. 8 : Переработка смолы пиролиза нефтяных углеводородов.— , 1958-
Další autoři: Плюснин В. Г. (редактор), Плоткина Н. И., Черткова С. И., Лысенко А. П., Гейн Н. В., Варфоломеев Д. Ф., Спасский С. С., Лундин Б. Н.
Jazyk:ruština
Vydáno: 1965
Témata:
Médium: MixedMaterials Kniha
KOHA link:https://koha.lib.tpu.ru/cgi-bin/koha/opac-detail.pl?biblionumber=350890

MARC

LEADER 00000nam2a2200000 4500
001 350890
005 20231102010340.0
035 |a (RuTPU)RU\TPU\retro\5263 
035 |a RU\TPU\retro\5257 
090 |a 350890 
100 |a 20190313d1965 k y0rusy50 ca 
101 0 |a rus 
102 |a RU 
105 |a a z 001zy 
200 0 |a Вып. 8 : Переработка смолы пиролиза нефтяных углеводородов  |f В. Г. Плюснин [и др.]  |g отв. ред. С. С. Спасский , Б. Н. Лундин 
210 |d 1965 
215 |a 115 с.  |c ил. 
320 |a Библиогр.: с. 111-113. 
461 1 |0 (RuTPU)RU\TPU\retro\5248  |t Труды Института химии  |o [сборник трудов]  |f Академия наук СССР (АН СССР), Уральский филиал (УФ), Институт химии  |v Вып. 8 : Переработка смолы пиролиза нефтяных углеводородов  |d 1958-  
606 1 |a Углеводороды нефтяные  |x Пиролиз  |2 stltpush  |3 (RuTPU)RU\TPU\subj\34073  |9 56128 
610 1 |a смолы 
610 1 |a переработка 
610 1 |a полимеризация 
610 1 |a технологические схемы 
675 |a 665.642  |v 4 
701 1 |a Плюснин  |b В. Г. 
701 1 |a Плоткина  |b Н. И. 
701 1 |a Черткова  |b С. И. 
701 1 |a Лысенко  |b А. П. 
701 1 |a Гейн  |b Н. В. 
701 1 |a Варфоломеев  |b Д. Ф. 
702 1 |a Спасский  |b С. С.  |4 340 
702 1 |a Лундин  |b Б. Н.  |4 340 
801 1 |a RU  |b 63413507  |c 20190313 
801 2 |a RU  |b 63413507  |c 20190313  |g RCR 
942 |c BK